EU countries by 'Entropa' representation - Statistics

General Stats
  • This quiz has been taken 25 times
  • The average score is 13 of 27
Answer Stats
Hint Answer % Correct
This country is plastered with strips of autobahn, possibly resembling a swastika? Germany
100%
Flat pack Gripen fighter planes, in an Ikea box Sweden
100%
A kitsch Dracula style theme park Romania
93%
This country is made of Lego, some say resembling the prophet Muhammad? Denmark
87%
Slabs of meat shaped like Brazil, Angola and Mozambique have been left to rot on the floor Portugal
80%
A safari hunter in a sauna sees pink safari animals Finland
73%
Brown fluffy bagpipes that play music Ireland
73%
A box of half eaten chocolates, truffles in the north, French pralines in the south Belgium
60%
This country has a huge banner reading "Grève!" draped in front of it France
60%
This country is flooded, the only visible buildings are mosque minarets Netherlands
47%
Iwo-Jima style Catholic priests raising a rainbow flag in a field of potatoes Poland
47%
This country is a tool rack, holding the Soviet hammer and sickle in 'power tool' form Estonia
40%
What looks like a human body in a sack, tied up with Hungarian flags Slovakia
40%
A pretty green meadow, dominated by four huge nuclear cooling towers Austria
33%
The most notorious one, this country is a pretty mosaic of Turkish toilets Bulgaria
33%
A gilded LED sign, showing the controversial quotes from that country's president Czech Republic
33%
A huge football pitch Italy
33%
A few Brussels' Mannequin-Pis statues make aim for a neighbouring country Lithuania
33%
A huge magnifying glass makes the dwarf elephant on this tiny country visible Malta
33%
The entire country is a concrete building site Spain
33%
This famously Eurosceptic country is represented by an empty space United Kingdom
33%
This country has been sawed in half Cyprus
27%
A pile of glowing hot ashes Greece
27%
A craggy mountain range Latvia
27%
A little golden nugget with a big 'For sale' sign stuck to it Luxembourg
27%
A cave marking on a rock, which reads 'First tourists came here 1213' Slovenia
27%
Brussels' Atomium, made of sausages and melons Hungary
20%
No matching quizzes found
Score Distribution
Percent of People with Each Score
Percentile by Number Answered
Your Score History
You have not taken this quiz